Hitman Blood Money : Cibles - Statistiques

Statistiques générales
  • Ce quiz a été pris 20 fois
  • Le résultat moyen est 13 sur 36
Statistiques - réponses
Mission Target % Correct
La Mort D'Un Artiste Joseph Clarence
78%
Mark Parchezzi III
78%
Richard Delahunt
56%
Adam Hendrikson
44%
Dernier Acte Alvaro D'Alvade
44%
Elijah Krup
44%
Eve
44%
Everett Jefferson
44%
Fernando Delgado
44%
Joe Netberg
44%
Junior O'Daniel
44%
Un Cru Stupéfiant Manuel Delgado
44%
Espèce Menacée Mark Purayah II
44%
Mort Sur Le Mississippi Skip Muldoon
44%
Un Nouveau Départ Vinnie Sinistra
44%
William S. Corfitz
44%
Angelina Mason
33%
Une Danse Endiablée Anthony Martinez
33%
Jusqu'à ce que la mort.... Buddy Muldoon
33%
Aux Aguets Chad Bingham Jr.
33%
John "Pappy" Leblanc
33%
Lorne de Havilland
33%
Raymond Kulinsky
33%
Requiem Alexander Leland Cayne
22%
25e Amendement Daniel Morris
22%
Gardes du corps de Cayne
22%
Hendrik Schmutz
22%
Droit Dans Le Mur Lorenzo Lombardo
22%
Maynard John
22%
Un Chateau de Cartes Mohammad Bin Faisal Al-Khalifa
22%
Rudy Menzana
22%
Tariq Abdul Lateef
22%
Vaana Ketlyn
22%
Carmine DeSalvo
11%
Prêtre
11%
Rick Henderson
11%
Aucun quiz correspondant
Distribution des résultats
% des personnes avec chaque résultat
Percentile par nombre de réponses
Votre historique - résultats
Vous n’avez pas pris ce quiz